| 000 | 00520nam a2200217Ia 4500 | ||
|---|---|---|---|
| 005 | 20250425161733.0 | ||
| 008 | 250425s9999 xx 000 0 und d | ||
| 020 | _a9681841905 | ||
| 041 | _aspa | ||
| 082 | _a632.7 | ||
| 100 | _aRALPH H. DAVIDSON, WILLIAM F. LYON | ||
| 245 | 0 | _aPLAGAS DE INSECTOS AGRICOLAS Y DEL JARDIN | |
| 250 | _a1A ED. | ||
| 260 | _aMEXICO | ||
| 260 |
_aMéxico _bLIMUSA _c1992 |
||
| 300 | _a738 | ||
| 650 | _aINSECTOS | ||
| 650 | _aPLAGAS AGRICOLAS | ||
| 942 | _c01 | ||
| 010 | _a26963 | ||
| 999 |
_c215071 _d215071 |
||